Naše dedičstvo výchova - vzdelanie - osobnosti - kultúra - pamiatky : slovenčina pre pokročilých : texty

Bibliographic Details
Other Authors: Vrábelová, Mária (Compiler)
Format: Book
Language:Slovak
Published: Bratislava Univerzita Komenského 2010
Edition:1. vyd.
Subjects:

MARC

LEADER 00000nam a22000005a 4500
001 vtls010284051
003 SK-MaSNL
005 20260301031821.0
008 180809s2010 xo oa 000 0 slo
015 |a SNBA2011/08-04452 
020 |a 9788022329477  |q (brož.) 
035 |a 5C889BCC-8FC2-4731-B2EE-AD4C73383757 
035 |a urn:nbn:sk:snk-amjxgd 
035 |a urn:nbn:sk:snk-am0085ut 
040 |a SNK  |b slo  |c SNK  |e AACR2 
041 0 |a slo 
044 |a xo  |c SK 
072 7 |a 811.162.4  |x Slovenčina  |2 konspekt 
080 |a 811.162.4  |2 2001 
080 |a 37.011.3-052-054.68  |2 2001 
080 |a 316.72/76  |2 2001 
080 |a (07)  |2 2001 
245 0 0 |a Naše dedičstvo  |b výchova - vzdelanie - osobnosti - kultúra - pamiatky : slovenčina pre pokročilých : texty  |c [zostavovateľka učebného materiálu: Mária Vrábelová] 
250 |a 1. vyd. 
260 |a Bratislava  |b Univerzita Komenského  |c 2010 
300 |a 171 s.  |b fareb. fotogr., ilustr.  |c 30 cm 
500 |a Názov z obalu 
504 |a Bibliogr. s. 164-171 
650 0 7 |a slovenčina  |2 SNKPH  |9 1350 
650 0 7 |a zahraniční študenti  |2 SNKPH  |9 4199 
650 0 7 |a kultúra a spoločnosť  |2 SNKPH  |9 4083 
650 0 7 |a Slovak language  |2 SNKPHeng  |9 266031 
650 0 7 |a Foreign students  |2 SNKPHeng  |9 268101 
650 0 7 |a Culture and society  |2 SNKPHeng  |9 265089 
655 7 |a učebné texty  |2 SNKPH  |9 70568 
655 7 |a Educational texts  |2 SNKPHeng  |9 277375 
700 1 |a Vrábelová, Mária  |4 com  |9 324543 
919 |a 978-80-223-2947-7 
958 |a NB 
968 |d 81 
999 |c 577366  |d 579296 
952 |a SNK  |b SNK  |y PREZ  |7 0  |p 17A0704130  |o snkSB 81595  |i snk2011/13084  |8 0  |0 0  |1 0  |4 0  |d 2011-06-07  |f 1  |l 0  |r 2025-05-05 00:00:00  |w 2026-02-23 
952 |a SNK  |b SNK  |y VYP  |7 0  |p 17A0704129  |o snkSB 81595 D1  |i snk2011/13085  |8 0  |0 0  |1 0  |4 0  |d 2011-06-07  |l 0  |r 2016-06-30 00:00:00  |w 2026-02-23